Les plus gros transferts du football - Défenseurs centraux - 2013-2014 - Statistiques

Statistiques générales
  • Ce quiz a été pris 34 fois
  • Le résultat moyen est 5 sur 13
Statistiques - réponses
Montant de transfert (M €) Nationalité Venant de Allant à Joueur % Correct
31,40 Brésil AS Roma Paris SG Marquinhos
97%
19,00 France Paris SG Liverpool Mamadou Sakho
72%
10,00 Croatie Olympique Lyonnais Southampton Dejan Lovren
66%
13,50 Maroc Udinese AS Roma Medhi Benatia
47%
14,60 France Saint-Étienne Chelsea Kurt Zouma
41%
12,00 Espagne Real Madrid Napoli Raúl Albiol
41%
10,00 Colombie Villarreal CF AC Milan Cristián Zapata
31%
13,00 Chili FC Sevilla Cardiff Gary Medel
19%
11,60 République du Congo QPR Anzhi Christopher Samba
16%
10,00 République du Congo Anzhi Dinamo Moscou Christopher Samba
16%
10,00 République tchèque Genoa U19 Milan U19 Stefan Simic
9%
15,00 Italie Torino Juventus Turin Angelo Ogbonna
6%
10,00 Autriche FC Bâle Dynamo Kyiv Aleksandar Dragovic
3%
Aucun quiz correspondant
Distribution des résultats
% des personnes avec chaque résultat
Percentile par nombre de réponses
Votre historique - résultats
Vous n’avez pas pris ce quiz